[Event "FRA-chT2 West 0708"]
[Site "France"]
[Date "2008.02.10"]
[Round "7.6"]
[White "Pouillot, Eric"]
[Black "Teixeira, Antonio"]
[Result "1-0"]
[WhiteElo "2066"]
[BlackElo "1899"]
[PlyCount "99"]
[EventDate "2007.10.21"]
[EventType "team"]
[EventRounds "11"]
[EventCountry "FRA"]
[SourceTitle "EXT 2009"]
[Source "ChessBase"]
[SourceDate "2008.11.26"]
[SourceVersion "1"]
[SourceVersionDate "2008.11.26"]
[SourceQuality "1"]
[WhiteTeam "Echiquier Berry Sologne"]
[BlackTeam "Orleans"]
[WhiteTeamCountry "FRA"]
[BlackTeamCountry "FRA"]

1. e4 c5 2. Nf3 d6 3. d4 cxd4 4. Nxd4 Nf6 5. Nc3 a6 6. Be3 Nc6 7. f3 g6 8. Qd2 Bg7 9. 0-0-0 0-0 10. g4 Nxd4 11. Bxd4 Be6 12. Kb1 b5 13. h4 b4 14. Nd5 Bxd5 15. exd5 Rb8 16. h5 Qa5 17. Bxf6 Bxf6 18. hxg6 fxg6 19. Qe3 Be5 20. Bd3 Rf4 21. Be4 Kg7 22. Qf2 Rf7 23. Qh4 Kg8 24. f4 b3 25. axb3 Bg7 26. Qxh7+ Kf8 27. Qxg6 Rf6 28. Qg5 Rb4 29. Bf5 Qb6 30. Be6 Rxe6 31. dxe6 Qb5 32. Qxb5 axb5 33. Rdf1 Rd4 34. g5 Rd2 35. f5 Be5 36. f6 Rg2 37. Rf5 exf6 38. gxf6 Rg6 39. e7+ Kf7 40. Rxe5 Rg8 41. Rxb5 Kxf6 42. Ra5 Kxe7 43. c4 Ke6 44. b4 Rg3 45. Ka2 Rg4 46. b3 Rg2+ 47. Ka3 Rg8 48. b5 Ra8 49. b4 Ke7 50. b6 1-0

[Event "FRA-chT2 West 0708"]
[Site "France"]
[Date "2008.01.20"]
[Round "6.7"]
[White "Pouillot, Eric"]
[Black "Lebreton, Flavien"]
[Result "0-1"]
[WhiteElo "2066"]
[BlackElo "1889"]
[PlyCount "58"]
[EventDate "2007.10.21"]
[EventType "team"]
[EventRounds "11"]
[EventCountry "FRA"]
[SourceTitle "EXT 2009"]
[Source "ChessBase"]
[SourceDate "2008.11.26"]
[SourceVersion "1"]
[SourceVersionDate "2008.11.26"]
[SourceQuality "1"]
[WhiteTeam "Echiquier Berry Sologne"]
[BlackTeam "Sautron"]
[WhiteTeamCountry "FRA"]
[BlackTeamCountry "FRA"]

1. e4 c5 2. Nf3 d6 3. d4 cxd4 4. Nxd4 Nf6 5. Nc3 a6 6. Bg5 e6 7. f4 Nbd7 8. Bc4 Qc7 9. Bb3 Nc5 10. Bxf6 gxf6 11. Qe2 b5 12. f5 b4 13. Nd1 e5 14. Nf3 Bb7 15. Nf2 Nxb3 16. cxb3 d5 17. exd5 Rd8 18. 0-0 Bc5 19. Kh1 Bxf2 20. Rxf2 Rxd5 21. Nd2 Rd4 22. Nc4 Rh4 23. Kg1 Qc5 24. Qe3 Rxc4 25. Qd2 Rf4 26. Rd1 Qxf2+ 27. Qxf2 Rxf2 28. Kxf2 Ke7 29. Rc1 Rc8 0-1

[Event "FRA-chT2 West 0708"]
[Site "France"]
[Date "2007.10.21"]
[Round "1.5"]
[White "Pouillot, Eric"]
[Black "Stenel, Vincent"]
[Result "1-0"]
[WhiteElo "2044"]
[BlackElo "2133"]
[PlyCount "45"]
[EventDate "2007.10.21"]
[EventType "team"]
[EventRounds "11"]
[EventCountry "FRA"]
[SourceTitle "EXT 2009"]
[Source "ChessBase"]
[SourceDate "2008.11.26"]
[SourceVersion "1"]
[SourceVersionDate "2008.11.26"]
[SourceQuality "1"]
[WhiteTeam "Echiquier Berry Sologne"]
[BlackTeam "Bois Colombes II"]
[WhiteTeamCountry "FRA"]
[BlackTeamCountry "FRA"]

1. e4 e6 2. d4 d5 3. Nd2 Nf6 4. e5 Nfd7 5. f4 c5 6. c3 Nc6 7. Ndf3 cxd4 8. cxd4 Qb6 9. g3 Bb4+ 10. Kf2 f6 11. Kg2 0-0 12. Bd3 fxe5 13. fxe5 Nxd4 14. Nxd4 Nxe5 15. Bxh7+ Kxh7 16. Qh5+ Kg8 17. Qxe5 Bd6 18. Qe3 e5 19. Ndf3 Qc6 20. h4 e4 21. Nd4 Qc7 22. Nge2 Bg4 23. Bd2 1-0